00626nam a2200193Ia 4500003000400000005001700004008004100021040000700062041000800069082001600077100004500093245007500138260002000213300000900233650002300242942001300265999001900278952013500297OSt20251106141442.0250729s2005 xx 000 0 und d cAL akan a370.15 PRAS aಪ್ರಭು ಆರ್ ಜಿ9223981 aಶೈಕ್ಕ್ಷಣಿಕ ಮನೋವಿಜ್ನಾನ aಗದಗc2005 a608p aPsychology9223982 2ddccBED c236176d236176 00104070aALbALd2025-07-29eSchool Book Companyg225.00l0o370.15 PRASpBED01495r2025-07-29 16:54:38v225.00w2025-07-29yBK